LOS MARGENES DE LA INTERPRETACION : HACIA UN MODELO ANALOGICO DE LA HERMENEUTICA /

Gespeichert in:
Bibliographische Detailangaben
1. Verfasser: Beuchot, Mauricio (autor)
Format: Buch
Schriftenreihe:(Cuadernos de Filosofía ; 25)
Schlagworte:
Tags: Tag hinzufügen
Keine Tags, Fügen Sie das erste Tag hinzu!

MARC

LEADER 00000nam^a2200000^a^4500
001 000227602
005 20250703000000.0
009 20260310104250.135
035 |a 047147 
037 |a Acervo Xavier Clavigero 
082 |a 105.  |b CUA V. 25 
100 |a Beuchot, Mauricio  |e (autor) 
245 1 4 |a LOS MARGENES DE LA INTERPRETACION :  |b HACIA UN MODELO ANALOGICO DE LA HERMENEUTICA /  |c MAURICIO BEUCHOT ... [ET AL.] 
264 |a MEXICO :  |b UIA,  |c 1995 
300 |a 46 p. 
336 |a texto  |b txt  |2 rdacontenido 
337 |a sin mediación  |b n  |2 rdamedio 
338 |a volumen  |b nc  |2 rdasoporte 
440 |a (Cuadernos de Filosofía ;  |v 25) 
649 |a XX 
650 |a Hermenéutica 
650 |a Filosofía 
910 |a Fondo General 
920 |a Impresos - Libros 
930 |a Colección General 
905 |a 101 
901 |a 049466  |b IT1  |c ACC  |i 049466  |u 20250521 
902 |a https://opac.biblio.iteso.mx/vufind/Record/000227602